LIBER || IOSVAE || AD EBRAICAM VERI-||TATEM RECOGNITVS,|| & argumentis at[que] scholijs || illustratus || A || Victorino Strigelio.||
| Subtitles: | Biblia, VT., Josua LIBER IOSVAE AD EBRAICAM VERITATEM RECOGNITVS, & argumentis at[que] scholijs illustratus A Victorino Strigelio |
|---|---|
| Main Author: | |
| Contributors: | |
| Format: | Electronic Book |
| Language: | Latin |
| Check availability: | HBZ Gateway |
| WorldCat: | WorldCat |
| Interlibrary Loan: | Interlibrary Loan for the Fachinformationsdienste (Specialized Information Services in Germany) |
| Published: |
Leipzig
Vögelin, Ernst
1567
|
| In: | Year: 1567 |
| Standardized Subjects / Keyword chains: | B
Bible
/ Theology
/ Exegesis
/ Biblical studies
|
| Further subjects: | B
Commentary
B Bible |
| Online Access: |
Volltext (Resolving-System) Volltext (kostenfrei) |
| Rights Information: | PDM 1.0 |
| Parallel Edition: | Non-electronic
|
| Sammlungen: |
MARC
| LEADER | 00000cam a2200000 c 4500 | ||
|---|---|---|---|
| 001 | 65505250X | ||
| 003 | DE-627 | ||
| 005 | 20260331151213.0 | ||
| 007 | cr uuu---uuuuu | ||
| 008 | 110330s1567 xx |||||o 00| ||lat c | ||
| 024 | 7 | |a urn:nbn:de:gbv:3:1-110295 |2 urn | |
| 024 | 7 | |a 10.25673/opendata2-284 |2 doi | |
| 024 | 7 | |a VD16 B 3036 |2 vd16 | |
| 026 | |e urû, s.us ntem noQu 3 1567R |2 fei |5 DE-1 |5 DE-3 | ||
| 035 | |a (DE-627)65505250X | ||
| 035 | |a (DE-576)9655052508 | ||
| 035 | |a (DE-599)GBV65505250X | ||
| 035 | |a (OCoLC)837743701 | ||
| 040 | |a DE-627 |b ger |c DE-627 |e rakwb | ||
| 041 | |a lat | ||
| 044 | |c XA-DXDE | ||
| 084 | |a 1 |2 ssgn | ||
| 084 | |a 11.34 |2 bkl | ||
| 084 | |a 11.50 |2 bkl | ||
| 130 | 0 | |a Josua | |
| 245 | 1 | 0 | |a LIBER || IOSVAE || AD EBRAICAM VERI-||TATEM RECOGNITVS,|| & argumentis at[que] scholijs || illustratus || A || Victorino Strigelio.|| |
| 246 | 3 | 0 | |a Biblia, VT., Josua |
| 246 | 3 | 3 | |a Biblia, VT., Josua |
| 246 | 3 | 3 | |a LIBER IOSVAE AD EBRAICAM VERITATEM RECOGNITVS, & argumentis at[que] scholijs illustratus A Victorino Strigelio. |
| 264 | 1 | |a Leipzig |b Vögelin, Ernst |c 1567 | |
| 300 | |a [6] Bl., 150 S., [7] Bl. |b Druckerm. |c 8 | ||
| 336 | |a Text |b txt |2 rdacontent | ||
| 337 | |a Computermedien |b c |2 rdamedia | ||
| 338 | |a Online-Ressource |b cr |2 rdacarrier | ||
| 500 | |a Vorlageform des Erscheinungsvermerks: LIPSIAE.||(Jn officina Ernesti Voegelini || Constantiensis.|| ANNO M.D.LXVII.||) | ||
| 533 | |a Online-Ausg. |b Halle, Saale |c Universitäts- und Landesbibliothek Sachsen-Anhalt |d 2009 |e Online-Ressource (Text) |f VD16 digital aus der Universitäts- und Landesbibliothek Sachsen-Anhalt |7 |2009|||||||||| | ||
| 535 | 1 | |a ULB Sachsen-Anhalt, Halle (Saale) |3 AB 67 10/d, 11 (1) | |
| 540 | |q DE-3 |a Public Domain Mark 1.0 |f PDM 1.0 |2 cc |u https://creativecommons.org/publicdomain/mark/1.0/ | ||
| 583 | 1 | |a Archivierung/Langzeitarchivierung gewährleistet |x XA-DE-ST |2 pdager |5 DE-3 | |
| 655 | 7 | |a Kommentar |0 (DE-588)4136710-8 |0 (DE-627)104500719 |0 (DE-576)209671467 |2 gnd-content | |
| 655 | 7 | |a Bibel |0 (DE-627)09663099X |2 local | |
| 689 | 0 | 0 | |d u |0 (DE-588)4006406-2 |0 (DE-627)106377604 |0 (DE-576)208865497 |a Bibel |2 gnd |
| 689 | 0 | 1 | |d s |0 (DE-588)4059758-1 |0 (DE-627)104131446 |0 (DE-576)209132159 |2 gnd |a Theologie |
| 689 | 0 | 2 | |d s |0 (DE-588)4015950-4 |0 (DE-627)104675314 |0 (DE-576)20891434X |2 gnd |a Exegese |
| 689 | 0 | 3 | |d s |0 (DE-588)4135180-0 |0 (DE-627)105667005 |0 (DE-576)209658614 |2 gnd |a Bibelwissenschaft |
| 689 | 0 | |5 (DE-627) | |
| 700 | 1 | |e Bearb. |0 (DE-588)124408494 |0 (DE-627)363326499 |0 (DE-576)165306572 |4 adp |a Strigel, Victorinus |d 1524-1569 | |
| 700 | 1 | |0 (DE-588)128767561 |0 (DE-627)37913943X |0 (DE-576)216193990 |4 prt |a Vögelin, Ernst |d 1529-1589 | |
| 751 | |a Leipzig |4 pup | ||
| 776 | 0 | 8 | |i Erscheint auch als |n Druck-Ausgabe |t Liber Iosuae |d Leipzig : Vögelin, Ernst, 1567 |h [6] Bl., 150 S., [7] Bl. |w (DE-627)567803589 |w (DE-576)9567803587 |k Non-Electronic |
| 856 | 4 | 0 | |u http://dx.doi.org/10.25673/opendata2-284 |x Resolving-System |x Digitalisierung |x Langzeitarchivierung |z kostenfrei |3 Volltext |7 0 |
| 856 | 4 | 0 | |u http://nbn-resolving.org/urn:nbn:de:gbv:3:1-110295 |x Resolving-System |3 Volltext |7 1 |
| 935 | |a mteo | ||
| 936 | b | k | |a 11.34 |j Exegese |j Hermeneutik |x Bibel |q SEPA |0 (DE-627)106404415 |
| 936 | b | k | |a 11.50 |j Kirchengeschichte |j Dogmengeschichte |q SEPA |0 (DE-627)106403877 |
| 951 | |a BO | ||
| BIB | |a 1 | ||
| ELC | |a 1 | ||
| LOK | |0 000 xxxxxcx a22 zn 4500 | ||
| LOK | |0 001 4946304835 | ||
| LOK | |0 003 DE-627 | ||
| LOK | |0 004 65505250X | ||
| LOK | |0 005 20260331150608 | ||
| LOK | |0 008 260331||||||||||||||||ger||||||| | ||
| LOK | |0 040 |a DE-Tue135 |c DE-627 |d DE-Tue135 | ||
| LOK | |0 092 |o n | ||
| LOK | |0 852 |a DE-Tue135 | ||
| LOK | |0 852 1 |9 00 | ||
| LOK | |0 866 |x SPQUE#VD (Historische deutsche Nationalbibliographie)#SPSAM#VD16 | ||
| LOK | |0 935 |a ixvd |a ixv6 | ||
| LOK | |0 939 |a 2026-03-31 |b l01 | ||
| OAS | |a 1 | ||
| ORI | |a TA-MARC-ixtheoa001.raw | ||
| REF | |a Bibelkommentar | ||
| STA | 0 | 0 | |a Bible,Biblical studies,Exegesis,Theology,Theology |
| STB | 0 | 0 | |a Exégèse,Science biblique,Théologie,Théologie |
| STC | 0 | 0 | |a Exegesis,Teología,Teología |
| STD | 0 | 0 | |a Esegesi,Esegesi biblica,Teologia,Teologia |
| STE | 0 | 0 | |a 圣经研究,注释,诠释,解经,神学家 |
| STF | 0 | 0 | |a 注釋,詮釋,解經,神學家,聖經研究 |
| STG | 0 | 0 | |a Exegese,Teologia,Teologia |
| STH | 0 | 0 | |a Библеистика,Богословие (мотив),Богословие,Экзегетика |
| STI | 0 | 0 | |a Βιβλική ερμηνεία,Εξηγητική,Ερμηνευτική,Θεολογία (μοτίβο),Θεολογία |
| SUB | |a BIB | ||
| SYG | 0 | 0 | |a Bible for Today's Family,Contemporary English version bible,CEV,New International Reader's,NIrV,NIV,N.I.V.,New International Version Bible,English Standard Version,ESV,ESV Bible,Holy Bible, English Standard Version,Schlachter-Bibel,Schlachterbibel,Bibel,Handschrift,Arras,Bibliothèque Municipale,Ms. 559,Saint-Vaast Bible,Vatopediu,Athos, Bibliothek,Cod. 1582,Bibbia di Ripoll,Ripoll Bibel,La bible nouvellement translatée avec annotations,Bibel,Althochdeutsch,Glosse,Basel,Universitätsbibliothek,Cod. N I 3 Nr. 97a,Bibelglossatur M,Basel,Universitätsbibliothek,Cod. N I 3 Nr. 97a,Bibel,Handschrift,Breslau,Universitätsbibliothek,Ms. M 1106,Bibel,Bibel,Bibel,Bibel,Bibel,Bibel,Bibel in gerechter Sprache,Itala,Bibel,Bibel,Bibel,Bibel,King James Version,Authorized Version,Authorised Version,KJV,KJB,King James Bible,King-James-Bibel,Zwingli-Bibel,Zwinglibibel,Zürcher Bibelübersetzung,Bibel,Neues Testament,Lutherbibel,Luther-Bibel,Biblia, das ist, die gantze heilige Schrifft Deudsch,Zürcher Bibel,Einheitsübersetzung,Einheitsübersetzung der Heiligen Schrift,Biblia,Heilige Schrift,Bible,Die Bibel,Die Heilige Schrift,La Sainte Bible,La Soncha Scrittüra,Biblia Sacra,La Bible,The Holy Bible,Sveto pismo Staroga i Novoga zaveta,Biblia święta,Biblí svatá,Biblija,La Sacra Bibbia,La Santa Biblia,Die Heiligen Schriften des Alten und Neuen Bundes,Die Heiligen Schriften,Die gantze Heilige Schrifft Deudsch,Die ganze Heilige Schrifft,Kitāb-i muqaddas,al- Kitab al-muqaddas,Seisho,Müqäddäs kitab,Beibel,Bībele , Christliche Theologie , Bibelauslegung,Bibelexegese,Biblische Auslegung,Bibelinterpretation,Biblische Exegese,Schriftauslegung |